2000's & 2010's TV Shows - Statistics

General Stats
  • This quiz has been taken 67 times
  • The average score is 5 of 10
Answer Stats
Picture Answer % Correct
Phineas and Ferb
90%
Ben 10
84%
Kim Possible
81%
Mr Bean
71%
Monster High
67%
Teen Titans Go
52%
Miraculous
50%
Star Wars The Clone Wars
29%
DC Superhero Girls
9%
Billy and Mandy
5%
No matching quizzes found
Score Distribution
Percent of People with Each Score
Percentile by Number Answered
Your Score History
You have not taken this quiz